000 00683nam a2200217Ia 4500
003 0100
005 20160803152912.0
008 130307s9999 xx 000 0 und d
040 _cARRUPELIB
050 _aD359.C73 1963
100 _aCroce, Benedetto
_914739
245 _aHistory of Europe in the nineteenth century = Storia d'Europa nel secolo decimonono. English
260 _aNew York
260 _bHarcourt, Brace and Company
260 _c1933
300 _a5p. 1.
300 _b3-375 p. 22 cm.
650 _bEurope
_aHistory
_y19th Century
_924585
700 _aBenedetto Croce , Title, Storia d'Europa nel secolo decimonono. English
_924586
942 _2lcc
_cMONOGRAPH
999 _c86377
_d86377